Teorie vyučování ekonomickým předmětům

Gespeichert in:
Bibliographische Detailangaben
1. Verfasser: Hampl, František
Format: Buch
Sprache:Tschechisch
Veröffentlicht: Praha Státní pedagogické nakladatelství 1971
Tags: Tag hinzufügen
Keine Tags, Fügen Sie das erste Tag hinzu!

MARC

LEADER 00000nam a2200000 4500
001 c121538
005 20041019155222.7
041 0 |a cze 
044 |a CZ 
245 1 0 |a Teorie vyučování ekonomickým předmětům  |c František Hampl a kol. 
264 1 |a Praha  |b Státní pedagogické nakladatelství  |c 1971 
300 |a 446 s. 
100 1 |a Hampl, František